书目信息 |
| 题名: |
英汉·汉英高分子词汇
|
|
| 作者: | 丘坤元 主编 | |
| 分册: | ||
| 出版信息: | 北京 化学工业出版社 2013.05 |
|
| 页数: | 672页 | |
| 开本: | 22cm | |
| 丛书名: | ||
| 单 册: | ||
| 中图分类: | O63-61 | |
| 科图分类: | ||
| 主题词: | 高分子化学--词汇--英语--汉语 , 高分子化学 , 词汇 | |
| 电子资源: | ||
| ISBN: | 978-7-122-16418-6 | |
| 000 | 01078nam0 2200289 450 | |
| 001 | 012013068707 | |
| 005 | 20140610084959.26 | |
| 010 | @a978-7-122-16418-6@b精装@dCNY98.00 | |
| 100 | @a20130520d2013 em y0chiy50 ea | |
| 101 | 0 | @achi@aeng |
| 102 | @aCN@b110000 | |
| 105 | @aa z 000yy | |
| 106 | @ar | |
| 200 | 1 | @a英汉·汉英高分子词汇@9ying han ·han ying gao fen zi ci hui@dEnglish-Chinese and Chinese-English dictionary of polymeric terms@f丘坤元主编@zeng |
| 205 | @a3版 | |
| 210 | @a北京@c化学工业出版社@d2013.05 | |
| 215 | @a672页@c图@d22cm | |
| 330 | @a本书主要收载了高分子化学、高分子物理、高分子加工与制品、天然高分子、生物高分子、功能高分子、高分子复合材料等有关的边缘学科英汉、汉英双向对照词汇共35400条。 | |
| 333 | @a高校相关专业师生 | |
| 510 | 1 | @aEnglish-Chinese and Chinese-English dictionary of polymeric terms@zeng |
| 606 | 0 | @a高分子化学@x词汇@x英语@x汉语 |
| 606 | 0 | @a高分子化学 |
| 606 | 0 | @a词汇 |
| 690 | @aO63-61@v5 | |
| 701 | 0 | @a丘坤元@9qiu kun yuan@4主编 |
| 801 | 0 | @aCN@b人天书店@c20130520 |
| 905 | @b846832-34@dO63-61@e82=3@f3 | |
| 英汉·汉英高分子词汇=English-Chinese and Chinese-English dictionary of polymeric terms/丘坤元主编.-3版.-北京:化学工业出版社,2013.05 |
| 672页:图;22cm |
| 使用对象:高校相关专业师生 |
| ISBN 978-7-122-16418-6(精装):CNY98.00 |
| 本书主要收载了高分子化学、高分子物理、高分子加工与制品、天然高分子、生物高分子、功能高分子、高分子复合材料等有关的边缘学科英汉、汉英双向对照词汇共35400条。 |
| ● |
| 相关链接 |
|
|
|
|
正题名:英汉·汉英高分子词汇
索取号:O63-61/82=3
 
预约/预借
| 序号 | 登录号 | 条形码 | 馆藏地/架位号 | 状态 | 备注 |
| 1 | 846832 | 208468326 | 第二样本阅览室/ [索取号:O63-61/82=3] | 在馆 | |
| 2 | 846833 | 208468335 | 密集书库-化学系/ [索取号:O63-61/82=3] | 在馆 | |
| 3 | 846834 | 208468344 | 第三借阅区/ [索取号:O63-61/82=3] | 在馆 |